Evénements du 13 février - Statistiques

Statistiques générales
  • Ce quiz a été pris 40 fois
  • Le résultat moyen est 8 sur 15
Statistiques - réponses
Hint Réponse % Correct
1er essai nucléaire français à Reggane 1960
86%
Dépôt du brevet du cinématographe par les frères Lumière 1895
68%
Henri VIII fait décapiter sa 5e femme 1542
64%
1ère de la pièce La cage aux folles 1973
64%
Naissance de Marie de Bourgogne fille de Charles le Téméraire 1457
61%
Naissance de Radio-PTT vision, 1ère chaine française 1935
61%
Arrestation de Mata-Hari 1917
57%
Sacre de Henri III à Reims 1575
50%
1ère exécution en public du Beau Danuble bleu de Strauss 1867
46%
Ouverture du vélodromme d'hiver à Paris 1910
46%
Naissance du pape Alexandre VII 1599
43%
Naissance de Paul Deschanel, président de la République 1855
43%
Naissance de Georges Simenon, écrivain 1903
39%
Assassinat du duc de Berry 1820
36%
Naissance du maréchal Bazaine 1811
32%
Aucun quiz correspondant
Distribution des résultats
% des personnes avec chaque résultat
Percentile par nombre de réponses
Votre historique - résultats
Vous n’avez pas pris ce quiz